000 00554cam a22002174a 4500
001 sa 68002330
003 DLC
005 20260227112442.0
008 891215s1967 ii 000 0 hino
010 _asa 68002330
035 _a(OCoLC)20790879
040 _aDLC
_cDLC
050 0 0 _aPK2098.42.I5415
_bR36 1967
100 0 _aVinaya,
_d1937-
245 1 0 _aRaṅga brahma /
_cVinaya.
250 _a1. saṃskaraṇa.
260 _aMeraṭha :
_bSañjīva Prakāśana,
_c1967.
300 _a92 p. ;
_c22 cm.
500 _aPlays.
546 _aIn Hindi.
999 _c78629
_d78629